000 00268nam a22001217a 4500
003 OSt
005 20250708115135.0
008 250708b |||||||| |||| 00| 0 eng d
040 _cDLC
082 _a368.42
245 _aTrustee Development Program Kenya
942 _2ddc
_cBK
999 _c4121
_d4121